|
|
|
|
| LEADER |
00000nam a22000007a 4500 |
| 005 |
20190917133828.0 |
| 007 |
cr|||| |||| |
| 008 |
190917s2019 es |||||s|||| 00||0 eng d |
| 020 |
|
|
|a 9786139401840
|
| 035 |
|
|
|a 25320
|
| 040 |
|
|
|a vLex
|
| 090 |
|
|
|c 9543
|d 9543
|
| 100 |
1 |
|
|a Codecido, Patricia
|
| 245 |
1 |
0 |
|a Incorporation of Intellectual Property Protection Provisions in FTA
|h [Recurso electrn̤ico] /
|c Patricia Codecido
|
| 256 |
|
|
|a Servicio en ln̕ea
|
| 260 |
|
|
|a Madrid:
|b Editorial Acadm̌ica Espaǫla,
|c 2019
|
| 300 |
|
|
|a 1 recurso electrn̤ico
|
| 500 |
|
|
|a The comparison and analysis of FTAþs legal text and lay down, helps us understand the economic context of the countries involved in them, each treaty and the efforts put in to accomplish international standards of IP protection reflects an specific development stage. These work intents to exemplify that the graduation of development can be seen through the IP Protection Clauses in FTAþs, studying the case of both treaties (Koreaþs an Chili) being both countries, developing and not developed.
|
| 506 |
1 |
|
|a Disponible solo en los productos indicados
|d vLex Global
|d vLex Global (Academic Edition, excluding Law Schools)
|d vLex Global (U.S. Academic Edition, Law Schools)
|d vLex Global (U.S. Academic Edition, excluding Law Schools)
|d vLex Global (Academic Edition, Law Schools)
|
| 650 |
0 |
4 |
|a Derecho Internacional
|z Espaą
|
| 740 |
0 |
|
|a vLex Libros (Servicio en ln̕ea)
|
| 856 |
4 |
0 |
|u http://vlex.com/source/25320
|z Acceso restringido
|
| 942 |
|
|
|c BOOK
|
| 999 |
0 |
|
|a International right
|